| 000 | 01168cam a2200337 i 4500 | ||
|---|---|---|---|
| 001 | 18101722 | ||
| 003 | EG-ScBUE | ||
| 005 | 20230527091557.0 | ||
| 008 | 140403t2012 caua f 001 0 eng d | ||
| 020 | _a9781600582660 | ||
| 020 | _a1600582664 | ||
| 040 |
_aJRG _beng _erda _cJRG _dSNC _dBTCTA _dUKMGB _dBDX _dOCLCA _dOCLCF _dDLC _dEG-ScBUE |
||
| 082 | 0 | 4 |
_a751.422436 _bPOW _222 |
| 100 | 1 |
_aPowell, William F. _c(Artist) _eauthor. _937928 |
|
| 245 | 1 | 0 |
_aColor mixing recipes for landscapes : _bmixing recipes for more than 500 color combinations / _cby William F. Powell. |
| 264 | 1 |
_aIrvine, United States : _bWalter Foster Publishing, _c[2012] |
|
| 264 | 4 | _cc2012 | |
| 300 |
_a47 pages : _bill. (col.) ; _c25 cm. |
||
| 336 |
_2rdacontent _atext _btxt |
||
| 337 |
_2rdamedia _aunmediated _bn |
||
| 338 |
_2rdacarrier _avolume _bnc |
||
| 500 | _aIncludes color mixing grid. | ||
| 500 | _aIncludes index. | ||
| 650 | 7 |
_aColor in art. _2BUEsh _937973 |
|
| 650 | 7 |
_aLandscape painting _xTechnique. _2BUEsh _937974 |
|
| 650 | 7 |
_aColor guides. _2BUEsh _937930 |
|
| 651 | _2BUEsh | ||
| 653 |
_bCOMAME _cMay2015 |
||
| 655 | _vReading book | ||
| 942 |
_2ddc _k751.422436 POW _cBB |
||
| 999 |
_c19299 _d19271 |
||